| 000 | 01086nam a22003377a 4500 | ||
|---|---|---|---|
| 001 | BR0303451 | ||
| 003 | BR-BrBNA | ||
| 005 | 20230928101321.0 | ||
| 007 | ta | ||
| 008 | 230509b bl.||||| |||| 00| 0 por d | ||
| 040 |
_aBR-BrBNA _bpor _cBiblioteca Nacional de Agricultura |
||
| 041 | _a(Por) | ||
| 072 | _aP34 | ||
| 090 | _ P34 BR0303451 | ||
| 100 | 1 | _aPires, A.M.M. | |
| 110 | 1 |
_aEscola Superior de Agricultura Luiz de Queiroz, Piracicaba, SP (Brasil) _0Tese (Doutor em Agronomia) |
|
| 245 | 1 | _aÁcidos orgânicos da rizosfera: aspectos qualitativos e quantitativos e fitodisponibilidade de metais pesados originários de biossólidos | |
| 260 | 3 |
_aPiracicaba, SP (Brasil): _c2003. |
|
| 300 | _a94 p. | ||
| 500 | _aSummaries (Eng, Por); Bibliography p. 74-89; 6 illus.; 14 tables | ||
| 650 | _aSOLO | ||
| 650 | _aRIZOSFERA | ||
| 650 | _aBIOLOGIA DO SOLO | ||
| 650 | _aCROMATOGRAFIA | ||
| 650 | _aANÁLISE QUÍMICA | ||
| 650 | _aMETAL PESADO | ||
| 650 | _aSOLUBILIZAÇÃO | ||
| 650 | _aÁCIDO ORGÂNICO | ||
| 909 |
_a202309 _bLucia _c55 _dLucia Elande |
||
| 942 | _cBK | ||
| 999 |
_c65232 _d65232 |
||